000
00302nam a22001337a 4500
008
170927b xxu||||| |||| 00| 0 eng d
020
_a
9780205386062
041
_a
eng
080
_a
37
100
_a
46
101
_a
EDU
245
_a
LEARNERS WITH MILD DISABILITIES
_c
RAYMOND, E.B
942
_2
udc
_c
BK
999
_c
30098
_d
30098